Technical drawing today: book 3 worked examples (Record no. 80960)
[ view plain ]
| 000 -LEADER | |
|---|---|
| fixed length control field | 00788nam a2200181 a 4500 |
| 008 - FIXED-LENGTH DATA ELEMENTS--GENERAL INFORMATION | |
| fixed length control field | 080930s1981 ||||||||||||||||| || u |
| 020 ## - INTERNATIONAL STANDARD BOOK NUMBER | |
| International Standard Book Number | 0333307488 |
| 050 ## - LIBRARY OF CONGRESS CALL NUMBER | |
| Classification number | T 353 Dri |
| 100 ## - MAIN ENTRY--PERSONAL NAME | |
| Personal name | Driscoll, Terence |
| 245 10 - TITLE STATEMENT | |
| Title | Technical drawing today: book 3 worked examples |
| Statement of responsibility, etc. | Terence Driscoll |
| 260 ## - PUBLICATION, DISTRIBUTION, ETC. | |
| Place of publication, distribution, etc. | London |
| Name of publisher, distributor, etc. | Macmillan |
| Date of publication, distribution, etc. | 1981 |
| 300 ## - PHYSICAL DESCRIPTION | |
| Extent | 119p.: ill. |
| 350 ## - | |
| -- | 37500.00 |
| 650 ## - SUBJECT ADDED ENTRY--TOPICAL TERM | |
| Topical term or geographic name entry element | ENGINEERING |
| 650 ## - SUBJECT ADDED ENTRY--TOPICAL TERM | |
| Topical term or geographic name entry element | TECHNICAL DRAWING |
| 995 ## - | |
| -- | MAIN LIBRARY OPEN ACCESS |
| -- | 37500.00 |
| -- | 738612 |
| -- | CBU-MAIN LIBRARY (Kitwe) |
| -- | 1 |
| -- | 0.00 |
| -- | T 353 Dri |
| -- | 2 |
| -- | AVAILABLE |
| -- | Sep 30, 2008 |
| -- | 738612 |
| -- | Main Library Open Access Collection |
| 995 ## - | |
| -- | MAIN LIBRARY OPEN ACCESS |
| -- | 37500.00 |
| -- | 738611 |
| -- | CBU-MAIN LIBRARY (Kitwe) |
| -- | 1 |
| -- | 0.00 |
| -- | T 353 DRI |
| -- | 1 |
| -- | AVAILABLE |
| -- | Sep 30, 2008 |
| -- | 738611 |
| -- | Main Library Open Access Collection |
| 999 ## - | |
| -- | 80960 |
| -- | 80960 |
| Withdrawn status | Lost status | Source of classification or shelving scheme | Damaged status | Not for loan | Permanent Location | Current Location | Shelving location | Date acquired | Total Checkouts | Full call number | Barcode | Date last seen | Copy number | Price effective from | Koha item type |
|---|---|---|---|---|---|---|---|---|---|---|---|---|---|---|---|
| CBU-MAIN LIBRARY, KITWE. | CBU-MAIN LIBRARY, KITWE. | 07/11/2023 | T 353 Dri | 738612 | 07/11/2023 | 1 | 07/11/2023 | MONOGRAPH | |||||||
| CBU-MAIN LIBRARY, KITWE. | CBU-MAIN LIBRARY, KITWE. | 07/11/2023 | T 353 Dri | 738611 | 07/11/2023 | 2 | 07/11/2023 | MONOGRAPH |